Traité de chirurgie clinique et opératoire / (Record no. 69156)
[ view plain ]
| 000 -LEADER | |
|---|---|
| campo de control de longitud fija | 00731nam a2200217 i 4500 |
| 001 - NÚMERO DE CONTROL | |
| campo de control | 69156 |
| 003 - IDENTIFICADOR DE NÚMERO DE CONTROL | |
| campo de control | ES-MaACL |
| 005 - FECHA Y HORA DE LA ÚLTIMA TRANSACCIÓN | |
| campo de control | 20250927104711.0 |
| 007 - CAMPO FIJO DE DESCRIPCIÓN FÍSICA--INFORMACIÓN GENERAL | |
| campo de control de longitud fija | t| |
| 008 - DATOS DE LONGITUD FIJA--INFORMACIÓN GENERAL | |
| campo de control de longitud fija | 040915m18971906fr ||||1| fre d |
| 245 00 - MENCIÓN DEL TÍTULO | |
| Título | Traité de chirurgie clinique et opératoire / |
| Mención de responsabilidad, etc. | publié sous la direction de MM. A. Le Dentu [et] Pierre Delbet. |
| 250 ## - MENCION DE EDICION | |
| Mención de edición | 2e tirage. |
| 260 ## - PUBLICACIÓN, DISTRIBUCIÓN, ETC. | |
| Lugar de publicación, distribución, etc. | Paris : |
| Nombre del editor, distribuidor, etc. | J.B. Baillière et Fils, |
| Fecha de publicación, distribución, etc. | 1897-1906. |
| 300 ## - DESCRIPCIÓN FÍSICA | |
| Extensión | 10 t. en 11 v. ; |
| Dimensiones | 25 cm. |
| 500 ## - NOTA GENERAL | |
| Nota general | Los volúmenes pertenecen a distintas ediciones. |
| 650 #7 - PUNTO DE ACCESO ADICIONAL DE MATERIA--TÉRMINO DE MATERIA | |
| Término de materia o nombre geográfico como elemento de entrada | Cirugía |
| Fuente del encabezamiento o término | embne |
| 9 (RLIN) | 11050 |
| 700 1# - ENTRADA AGREGADA--NOMBRE PERSONAL | |
| Nombre de persona | Le Dentu, Auguste. |
| 9 (RLIN) | 70868 |
| 700 1# - ENTRADA AGREGADA--NOMBRE PERSONAL | |
| Nombre de persona | Delbet, Pierre, |
| Fechas asociadas al nombre | 1861-1957 |
| 9 (RLIN) | 160245 |
| 852 ## - LOCALIZACIÓN | |
| Ubicación | ES-MaACL |
| Número de control de estantería | B-10896-906 |
| Estatus retirado | Estado de pérdida | Estado de daño | No para préstamo | Colección | Biblioteca de origen | Biblioteca actual | Ubicación en estantería | Fecha de adquisición | Fuente de adquisición | Total de préstamos | Signatura topográfica completa | Código de barras | Visto por última vez | Precio de reemplazo | Tipo de ítem Koha |
|---|---|---|---|---|---|---|---|---|---|---|---|---|---|---|---|
| Libros del s. XIX | Biblioteca del Ateneo de Madrid | Biblioteca del Ateneo de Madrid | Sala Pardo Bazán | 17/01/2008 | B-10896-906 | 1072415 | 23/02/2023 | 23/02/2023 | Libro impreso antiguo |
